000
00321nam a22001457a 4500
008
210312b ||||| |||| 00| 0 eng d
020
_a
2581284043511
041
_a
eng
080
_2
3rd
_a
610.73
082
_a
610.73
100
_a
1
101
_a
INF
245
_a
Nursing Informatics
_c
Mastrian, K
942
_2
udc
_c
BK
999
_c
56576
_d
56576